Fray Bartolomé de las Casas : (Registro nro. 33293)
[ vista simple ]
| 000 -CABECERA | |
|---|---|
| campo de control de longitud fija | 00516nam a2200157 a 4500 |
| 001 - NÚMERO DE CONTROL | |
| campo de control | 000033802 |
| 005 - FECHA Y HORA DE LA ÚLTIMA TRANSACCIÓN | |
| campo de control | 20200930070530.0 |
| 008 - DATOS DE LONGITUD FIJA--INFORMACIÓN GENERAL | |
| campo de control de longitud fija | 110912s1878 sp r 000 0 spa d |
| 040 ## - FUENTE DE LA CATALOGACIÓN | |
| Centro catalogador/agencia de origen | DO-SdBNP |
| Lengua de catalogación | spa |
| Centro/agencia transcriptor | BNPHU |
| 082 ## - NÚMERO DE LA CLASIFICACIÓN DECIMAL DEWEY | |
| Número de clasificación | xxxx |
| Número de documento/Ítem | G984f |
| 100 1# - ENTRADA PRINCIPAL--NOMBRE DE PERSONA | |
| Nombre de persona | Gutiérrez, Carlos |
| 9 (RLIN) | 59223 |
| 245 10 - MENCIÓN DE TÍTULO | |
| Título | Fray Bartolomé de las Casas : |
| Resto del título | sus tiempos y su apostolado / |
| Mención de responsabilidad, etc. | con un prólogo de Emilio Castelar. |
| 260 ## - PUBLICACIÓN, DISTRIBUCIÓN, ETC. | |
| Lugar de publicación, distribución, etc. | Madrid : |
| Nombre del editor, distribuidor, etc. | Imprenta de Fortanet, |
| Fecha de publicación, distribución, etc. | 1878. |
| 300 ## - DESCRIPCIÓN FÍSICA | |
| Extensión | xxxix, 460 p. ; |
| Dimensiones | 24 cm. |
| 700 1# - PUNTO DE ACCESO ADICIONAL--NOMBRE DE PERSONA | |
| Nombre de persona | Castelar, Emilio |
| 9 (RLIN) | 59224 |
| Estado de retiro | Estado de pérdida | Restricciones de uso | No para préstamo | Código de colección | Localización permanente | Ubicación/localización actual | Ubicación en estantería | Fecha de adquisición | Número de inventario | Total de préstamos | Signatura topográfica completa | Código de barras | Fecha visto por última vez | Precio válido a partir de | Tipo de ítem Koha |
|---|---|---|---|---|---|---|---|---|---|---|---|---|---|---|---|
| Excluido de préstamo | Raros y valiosos | Patrimonio Dominicano | Patrimonio Dominicano | Depósito | 12.09.2011 | LF1 | xxxx G984f | 33802-10 | 25.06.2020 | 25.06.2020 | No se presta |
